INTRODUCTION TO COMPUTER SECURITY (Record no. 5027)

MARC details
000 -LEADER
fixed length control field 00461nam a22001697a 4500
005 - DATE AND TIME OF LATEST TRANSACTION
control field 20241015164445.0
008 - FIXED-LENGTH DATA ELEMENTS--GENERAL INFORMATION
fixed length control field 160701b xxu||||| |||| 00| 0 eng d
020 ## - INTERNATIONAL STANDARD BOOK NUMBER
ISBN 978-81-7758-425-7
041 ## - LANGUAGE CODE
Language code of text/sound track or separate title eng
082 ## - DEWEY DECIMAL CLASSIFICATION NUMBER
Classification number 004.0285
100 ## - MAIN ENTRY--AUTHOR NAME
Personal name BISHOP, MATT AND VENKATARAMANAYYA, SATHYANARAYANA S.
245 ## - TITLE STATEMENT
Title INTRODUCTION TO COMPUTER SECURITY
260 ## - PUBLICATION, DISTRIBUTION, ETC. (IMPRINT)
Name of publisher Pearson
Year of publication 2012
Place of publication SOUTH ASIA
300 ## - PHYSICAL DESCRIPTION
Number of Pages 585,P
650 ## - SUBJECT ADDED ENTRY--TOPICAL TERM
Topical Term Information Technology
942 ## - ADDED ENTRY ELEMENTS (KOHA)
Koha item type Books
Holdings
Lost status Damaged status Collection code Home library Current library Shelving location Date acquired Cost, normal purchase price Full call number Accession Number Koha item type Source of acquisition
    CS/IT JRU Library JRU Library SHELF-52-E 01/07/2016 680.00 004.285 20250 Books  
    CS/IT JRU Library JRU Library SHELF-52-E 01/07/2016 680.00 004.285 20251 Books  
    CS/IT JRU Library JRU Library SHELF-52-E 01/07/2016 680.00 004.285 20252 Books  
    CS/IT JRU Library JRU Library SHELF-52-E 01/07/2016 680.00 004.285 20253 Books  
    CS/IT JRU Library JRU Library SHELF-52-E 01/07/2016 680.00 004.285 20254 Books PURCHASE